Normal view MARC view

Entry Nombre personal

Number of records used in: 5

001 - NÚMERO DE CONTROL

  • campo de control: 174390

003 - IDENTIFICADOR DE NÚMERO DE CONTROL

  • campo de control: SpMaBN

005 - FECHA Y HORA DE LA ÚLTIMA TRANSACCIÓN

  • campo de control: 20250823013557.0

008 - ELEMENTOS DE DATO DE LONGITUD-FIJA

  • campo de control de longitud fija: 950201n| azznnaabn |a aaa

016 ## - NÚMERO DE CONTROL DE UNA AGENCIA BIBLIOGRÁFICA NACIONAL

  • Número de control del registro: BNE19950089344

024 7# - IDENTIFICADOR DE OTROS ESTÁNDARES

  • Número estándar o código: http://viaf.org/viaf/9901662/
  • Fuente: viaf

024 7# - IDENTIFICADOR DE OTROS ESTÁNDARES

  • Número estándar o código: https://isni.org/isni/0000000121202398
  • Fuente: isni

040 ## - FUENTE DE CATALOGACIÓN

  • Centro catalogador/agencia de origen: SpMaBN
  • Lengua de catalogación: spa
  • Centro/agencia transcriptor: SpMaBN
  • Normas de descripción: rdc
  • Convención/Normas de encabezamiento de materia/tesauro: embne

046 ## - FECHAS CON CODIFICACIÓN ESPECIAL

  • Período de inicio: 1763
  • Fin de período: 1790

100 1# - ENCABEZAMIENTO-NOMBRE DE PERSONA

  • Nombre de persona: Marín, Pedro,
  • Fechas asociadas al nombre: fl. 1763?-1790

375 ## - GÉNERO/SEXO

  • Género: Masculino

400 1# - TRAZADO DE VÉASE--NOMBRE DE PERSONA

  • Nombre de persona: Marín, Petrus,
  • Fechas asociadas al nombre: fl. 1763?-1790

670 ## - FUENTE DE DATOS ENCONTRADOS

  • Cita de la fuente: Oracion funebre que en las solemnes honras ... por el alma de ...Don Carlos III, de Juan de Estrada, 1789
  • Información encontrada: port. (Madrid : en la imprenta de D. Pedro Marin)

670 ## - FUENTE DE DATOS ENCONTRADOS

  • Cita de la fuente: Répertoire d'imprimeurs/libraires (vers 1500-vers 1810), 2004
  • Información encontrada: (Marín, Pedro). Fl. 1763?-1790

670 ## - FUENTE DE DATOS ENCONTRADOS

  • Cita de la fuente: Gutiérrez del Caño
  • Información encontrada: (Marín, Pedro). Equivoca la fecha final de actividad: 1799

678 ## - DATOS BIOGRÁFICOS O HISTÓRICOS

  • Datos biográficos o históricos: Impresor: Madrid, 1763?-1790. Miembro de la Real Compañía de Impresores y Libreros desde 1763, comienza a ejrecer en 1770 como sucesor de Antonio Marín